LEADER 00627nab a2200145 i 4500 001 000000265832 003 CaOOAMICUS 005 20070208000000.0 008 070208n xx uu u0 0und r 013 $a9223 040 $aSeMil$bita 245 14$aThe Gospel of Judas ; Ecclesiastes Gone 'Sideways' ; Origen's Doctrine of Creation. - Titoli dalla copertina. 500 $aFEBRUARY 2007. 773 0 $tOctober 2006-September 2007.$dLondon : SAGE Publications, copyr. 2006-2007.$w()153464 996 $6245$aThe Gospel of Judas ; Ecclesiastes Gone 'Sideways' ; Origen's Doctrine of Creation. - Titoli dalla copertina.$9(OLS)http://semarc/title/357591 LEADER 01017nam a2200241 i 4500 001 000000223427 003 CaOOAMICUS 005 20250806121814.0 008 131011s1694 it u000 u ita u 013 $a202324 026 $aa-a- l-a- o.al prqu (3) 1694 (R) 040 $aSeMil$bita 100 1 $aConti, Giuseppe Maria.$0(OLS)http://semarc/name/77928 245 13$aLa quistione della felicità esaminata da d. Giuseppe Maria Conti C.R.S. 260 $aIn Milano :$bPer Carlo Antonio Malatesta,$c1694. 300 $a[40], 286, [2] p. ;$c16º. 500 $aSegn.: a-b8 c4 A-S8 700 1 $aMalatesta, Carlo Antonio,$c.$0(OLS)http://semarc/name/40867 850 $aSeMil 852 $aSeMil$W1$xVenegono$y1$m2Q I 32 FA$j173773$B173773$CSeMilBibl$Z2$F184065 $8I 996 $6245$aLa quistione della felicità esaminata da d. Giuseppe Maria Conti C.R.S$9(OLS)http://semarc/title/320408 996 $6260$aIn Milano :$bPer Carlo Antonio Malatesta$9(OLS)http://semarc/publisher/53325 LEADER 01059nam a2200205 i 4500 001 000000198147 003 CaOOAMICUS 005 20110225000000.0 008 110225s1908 it u000 u ita u 013 $a176835 040 $aSeMil$bita 100 1 $aLa Monica, Luigi.$0(OLS)http://semarc/name/71715 245 10$aSolidarietà e legislazione sociale :$bsaggio sul fondamento etico della legislazione sociale con riguardo alle principali leggi emanate nei varii Stati d'Europa /$cLuigi La Monica. 260 $aLecce :$bTip. Sociale Cooperativa,$c1908. 300 $a130 p. ;$c25 cm. 650 4$aLegislazione sociale.$0(OLS)http://semarc/subject/37163 850 $aSeMil 852 $aSeMil$W1$xVenegono$y1$m3L IV 172$j148703$B148703$CSeMilBibl$Z2$F160102 $81 996 $6245$aSolidarietà e legislazione sociale :$bsaggio sul fondamento etico della legislazione sociale con riguardo alle principali leggi emanate nei varii Stati d'Europa$9(OLS)http://semarc/title/286248 996 $6260$aLecce :$bTip. Sociale Cooperativa$9(OLS)http://semarc/publisher/51123 LEADER 01174nam a2200289 i 4500 001 000000123689 003 CaOOAMICUS 005 20210409101547.0 008 180323s2016 it a u000 u ita u 013 $a96385 020 $a978-88-6894-243-4 040 $aSeMil$bita 245 00$aStoria religiosa dell'Italia /$ca cura di Luciano Vaccaro. 264 1$aMilano :$bCentro Ambrosiano,$c2016. 300 $a838 p. :$bill. ;$c25 cm 490 1 $aEuropa ricerche ;$v21 650 4$aItalia - Storia religiosa.$0(OLS)http://semarc/subject/1010 700 1 $aVaccaro, Luciano.$0(OLS)http://semarc/name/205 710 0 $aFondazione Ambrosiana Paolo 6. .$0(OLS)http://semarc/name/223 830 0$aEuropa ricerche ;$v21.$0(OLS)http://semarc/title/384 850 $aSeMil 852 $aSeMil$W1$xVenegono$y1$m3C VI 10$j78345$B78345$CSeMilBibl$Z2$F80619 $81 961 $aOmaggio: Perego don Stefano 996 $6020$a978-88-6894-243-4$9(OLS)http://semarc/number/273499 996 $6245$aStoria religiosa dell'Italia$9(OLS)http://semarc/title/45408 996 $6264$aMilano :$bCentro Ambrosiano$9(OLS)http://semarc/publisher/29766 LEADER 00582nam a2200169 i 4500 001 000000075611 003 CaOOAMICUS 005 20260410155837.0 008 001020s1900 gw u000 u lat u 040 $aSeMil$bita 245 10$a1: [A-Amytis]. 300 $aXIII, 2032 col. 773 0 $tThesaurus linguae latinae.$dLipsiae : In aedibus B. G. Teubneri, 1900-1990.$g1$w()1676 850 $aSeMil 852 $aSeMil$W1$xVenegono$y1$mSL1.A VII 18$j270075$B41763$CSeMilBibl$Z2$F41767 $8I 996 $6245$a1: [A-Amytis]$9(OLS)http://semarc/title/122622